[Event "EIWCC 2017"]
[Site "Riga"]
[Date "2017.04.21"]
[Round "10"]
[White "Caglar, Sila"]
[Black "Worek, Joanna"]
[Result "0-1"]
[WhiteElo "2093"]
[BlackElo "2330"]
[Annotator "NA"]
[PlyCount "136"]
[EventDate "2017.??.??"]
[EventType "swiss"]
[EventCountry "LAT"]
[SourceTitle "playchess.com"]
[Source "ChessBase"]
[SourceQuality "1"]

1. e4 c5 2. Nf3 Nc6 3. d4 cxd4 4. Nxd4 Qb6 5. Nb3 Nf6 6. Nc3 e6 7. Be3 Qc7 8. a3 a6 9. g3 b5 10. Bg2 Bb7 11. O-O Be7 12. f4 d6 13. Qe2 O-O 14. g4 Rfe8 15. g5 Nd7 16. Qf2 Bf8 17. h4 b4 18. axb4 Nxb4 19. Na5 Rac8 20. Nxb7 Qxb7 21. Kh1 Rc4 22. Rad1 Nc6 23. Bc1 Nc5 24. Qe2 Rd4 25. Rde1 Rb4 26. b3 Qc7 27. Ba3 Rbb8 28. h5 Nd4 29. Qd2 Nb5 30. Nxb5 axb5 31. Bb2 Rbc8 32. Bf3 e5 33. f5 d5 34. exd5 e4 35. Bg2 Bd6 36. h6 Be5 37. Bxe5 Qxe5 38. hxg7 e3 39. Qe2 Ne4 40. Bxe4 Qxe4+ 41. Qg2 Qh4+ 42. Qh2 Qe4+ 43. Qg2 Qd4 44. Re2 Re4 45. Qf3 Rh4+ 46. Kg2 Re8 47. c3 Qxc3 48. Rh1 Rxh1 49. Kxh1 Qd4 50. Kg2 Kxg7 51. Kh3 Re5 52. d6 b4 53. Qg3 Qe4 54. Kh2 Qd5 55. Kh3 Rxf5 56. Rxe3 Rxg5 57. Qf3 Qxd6 58. Re4 Qh6+ 59. Rh4 Qe6+ 60. Kh2 Qe1 61. Rg4 Qd2+ 62. Kh3 h6 63. Qg3 Kg6 64. Qf3 Kg7 65. Qg3 Qd5 66. Kh2 Qd2+ 67. Kh3 Qd7 68. Qe5+ f6 0-1

[Event "EIWCC 2017"]
[Site "Riga"]
[Date "2017.04.21"]
[Round "10"]
[White "Ozbay, Ece"]
[Black "Gueci, Tea"]
[Result "1/2-1/2"]
[WhiteElo "2035"]
[BlackElo "2132"]
[Annotator "ChessBase"]
[PlyCount "43"]
[EventDate "2017.??.??"]
[EventType "swiss"]
[EventCountry "LAT"]
[SourceTitle "playchess.com"]
[Source "ChessBase"]
[SourceQuality "1"]

1. e4 c6 2. Nc3 d5 3. Nf3 Bg4 4. h3 Bxf3 5. Qxf3 e6 6. d3 g6 7. Bd2 Bg7 8. g3 Nd7 9. Bg2 Ne7 10. O-O O-O 11. Qe2 Re8 12. f4 Qb6+ 13. Kh2 Qxb2 14. Rab1 Qa3 15. e5 Qa6 16. Qf2 b5 17. d4 Nb6 18. g4 Nc4 19. Bc1 Qa5 20. Qg3 Kh8 21. a3 Rab8 22. h4 1/2-1/2

[Event "EIWCC 2017"]
[Site "Riga"]
[Date "2017.04.22"]
[Round "11"]
[White "Muzychuk, Anna"]
[Black "Mammadova, Gulnar"]
[Result "1/2-1/2"]
[WhiteElo "2587"]
[BlackElo "2357"]
[Annotator "TA"]
[PlyCount "56"]
[EventDate "2017.??.??"]
[EventType "swiss"]
[EventCountry "LAT"]
[SourceTitle "playchess.com"]
[Source "ChessBase"]
[SourceQuality "1"]

1. e4 e6 2. d4 d5 3. Nc3 Bb4 4. Nge2 Nf6 5. e5 Nfd7 6. a3 Ba5 7. b4 Bb6 8. Na4 f6 9. exf6 Qxf6 10. Be3 e5 11. Nxb6 axb6 12. Nc3 c6 13. Be2 O-O 14. O-O b5 15. f4 e4 16. f5 Nb6 17. g4 Qh4 18. Kh1 h5 19. Bf2 Qh3 20. Bg3 Nc4 21. Qc1 hxg4 22. f6 Be6 23. Qg5 Qh6 24. f7+ Bxf7 25. Qe7 Qe6 26. Qg5 Qh6 27. Qe7 Qe6 28. Qg5 Qh6 1/2-1/2

[Event "EIWCC 2017"]
[Site "Riga"]
[Date "2017.04.22"]
[Round "11"]
[White "Muzychuk, Mariya"]
[Black "Gaponenko, Inna"]
[Result "1/2-1/2"]
[WhiteElo "2546"]
[BlackElo "2416"]
[Annotator "TA"]
[PlyCount "31"]
[EventDate "2017.??.??"]
[EventType "swiss"]
[EventCountry "LAT"]
[SourceTitle "playchess.com"]
[Source "ChessBase"]
[SourceQuality "1"]

1. e4 c5 2. Nf3 Nc6 3. d4 cxd4 4. Nxd4 g6 5. c4 d6 6. Nc3 Bg7 7. Be3 Qb6 8. Ndb5 Bxc3+ 9. bxc3 Qa5 10. Qd2 Nf6 11. Bd3 Be6 12. O-O Ne5 13. a4 Bxc4 14. Bxc4 Nxc4 15. Qd4 Nxe3 16. fxe3 1/2-1/2

[Event "EIWCC 2017"]
[Site "Riga"]
[Date "2017.04.22"]
[Round "11"]
[White "Lagno, Kateryna"]
[Black "Gara, Anita"]
[Result "1/2-1/2"]
[WhiteElo "2543"]
[BlackElo "2354"]
[Annotator "TA"]
[PlyCount "124"]
[EventDate "2017.??.??"]
[EventType "swiss"]
[EventCountry "LAT"]
[SourceTitle "playchess.com"]
[Source "ChessBase"]
[SourceQuality "1"]

1. e4 c5 2. Nf3 Nc6 3. d4 cxd4 4. Nxd4 e5 5. Nb5 d6 6. N1c3 a6 7. Na3 b5 8. Nd5 Nf6 9. Bg5 Qa5+ 10. Bd2 Qd8 11. c4 b4 12. Nxf6+ Qxf6 13. Nc2 Qg6 14. Qf3 Bg4 15. Qd3 Be7 16. Ne3 O-O 17. Nxg4 Qxg4 18. g3 Bg5 19. Bg2 Bxd2+ 20. Qxd2 Nd4 21. O-O a5 22. h3 Qe2 23. Qxe2 Nxe2+ 24. Kh1 Rfc8 25. Rfe1 Nd4 26. Rac1 Rc5 27. Bf1 f6 28. h4 Kf7 29. Kg2 g6 30. Bd3 h6 31. Rcd1 Ke6 32. Rd2 Ra7 33. Red1 Ke7 34. Bf1 a4 35. f3 Rca5 36. Kf2 a3 37. b3 Rc5 38. Bh3 Ra8 39. Ke3 Rg8 40. f4 g5 41. hxg5 fxg5 42. fxe5 dxe5 43. Bf5 Rd8 44. Rh1 Rc6 45. Rdh2 Rdd6 46. Bg4 Rf6 47. Rc1 Rf8 48. Rch1 Rh8 49. Bf5 Kf7 50. g4 Kg7 51. Rc1 Rd8 52. c5 Nb5 53. Rc4 Rd4 54. Rhc2 Kf6 55. Bh7 Ke7 56. Bf5 Rc7 57. Rxd4 Nxd4 58. Rc4 Nc6 59. Kd3 Rb7 60. Rc1 Na5 61. c6 Rc7 62. Bd7 Kd6 1/2-1/2

[Event "EIWCC 2017"]
[Site "Riga"]
[Date "2017.04.22"]
[Round "11"]
[White "Pogonina, Natalija"]
[Black "Dzagnidze, Nana"]
[Result "1/2-1/2"]
[WhiteElo "2478"]
[BlackElo "2528"]
[Annotator "TA"]
[PlyCount "74"]
[EventDate "2017.??.??"]
[EventType "swiss"]
[EventCountry "LAT"]
[SourceTitle "playchess.com"]
[Source "ChessBase"]
[SourceQuality "1"]

1. d4 d5 2. c4 e6 3. Nf3 Nf6 4. g3 Bb4+ 5. Bd2 Bd6 6. Nc3 O-O 7. Bg5 c6 8. Bg2 h6 9. Bxf6 Qxf6 10. O-O Bc7 11. e4 dxc4 12. e5 Qe7 13. Qe2 b5 14. a4 b4 15. Ne4 a5 16. Rfc1 Ba6 17. Qe3 Nd7 18. Nfd2 Nb6 19. Nc5 Nd5 20. Qe4 c3 21. bxc3 Nxc3 22. Qxc6 Rfc8 23. Nxa6 Ne2+ 24. Kf1 Nxc1 25. Rxc1 Bd8 26. Qxc8 Rxc8 27. Rxc8 Qd7 28. Rxd8+ Qxd8 29. Nb3 f6 30. exf6 gxf6 31. Ke1 e5 32. dxe5 Qd3 33. Nac5 Qc3+ 34. Ke2 Qxe5+ 35. Kd2 Qb2+ 36. Ke3 Qe5+ 37. Kd2 Qb2+ 1/2-1/2

[Event "EIWCC 2017"]
[Site "Riga"]
[Date "2017.04.22"]
[Round "11"]
[White "Socko, Monika"]
[Black "Unuk, Laura"]
[Result "1-0"]
[WhiteElo "2462"]
[BlackElo "2275"]
[Annotator "TA"]
[PlyCount "73"]
[EventDate "2017.??.??"]
[EventType "swiss"]
[EventCountry "LAT"]
[SourceTitle "playchess.com"]
[Source "ChessBase"]
[SourceQuality "1"]

1. e4 e5 2. Nf3 Nc6 3. Bc4 Nf6 4. Ng5 d5 5. exd5 Na5 6. Bb5+ c6 7. dxc6 bxc6 8. Qf3 Be7 9. Bd3 h6 10. Ne4 Nd5 11. Ng3 O-O 12. Bf5 Bg5 13. Bxc8 Rxc8 14. O-O f5 15. d3 Bxc1 16. Rxc1 e4 17. dxe4 fxe4 18. Qe2 e3 19. fxe3 Qb6 20. Nc3 Nf4 21. Qg4 Nc4 22. Nh5 Rc7 23. Nxf4 Qxe3+ 24. Kh1 Rxf4 25. Qe2 Qxe2 26. Nxe2 Rf2 27. Nd4 c5 28. Ne6 Rc6 29. Re1 Rxc2 30. b3 Na3 31. Rad1 Rxa2 32. Rd8+ Kf7 33. Rd7+ Kf6 34. Nxg7 Nc2 35. Nh5+ Kf5 36. Rf7+ Kg5 37. Re5+ 1-0

[Event "EIWCC 2017"]
[Site "Riga"]
[Date "2017.04.22"]
[Round "11"]
[White "Javakhishvili, Lela"]
[Black "Milliet, Sophie"]
[Result "1-0"]
[WhiteElo "2456"]
[BlackElo "2352"]
[Annotator "TA"]
[PlyCount "125"]
[EventDate "2017.??.??"]
[EventType "swiss"]
[EventCountry "LAT"]
[SourceTitle "playchess.com"]
[Source "ChessBase"]
[SourceQuality "1"]

1. d4 Nf6 2. c4 e6 3. Nf3 d5 4. g3 dxc4 5. Bg2 Nc6 6. Qa4 Bb4+ 7. Bd2 Nd5 8. Bxb4 Ndxb4 9. Na3 Rb8 10. O-O O-O 11. Qb5 b6 12. Qxc4 Ba6 13. Nb5 Qd5 14. Qxd5 Nxd5 15. a4 Na5 16. Ne5 Rbd8 17. Nxa7 Nb4 18. Nb5 Bxb5 19. axb5 Rxd4 20. f4 Nc2 21. Rac1 Ne3 22. Rf3 Nxg2 23. Kxg2 f6 24. Nc6 Nxc6 25. Rxc6 Rf7 26. Rxe6 Rfd7 27. Rb3 Rc4 28. Kf3 Kf7 29. Ree3 f5 30. Rbc3 Rb4 31. Re5 g6 32. b3 h5 33. e3 Kg7 34. Re6 Kh7 35. Re5 Kg7 36. h3 Kh6 37. g4 hxg4+ 38. hxg4 fxg4+ 39. Kxg4 Rf7 40. Kf3 Rf5 41. Re6 Rf7 42. Rcc6 Rxb5 43. Rxg6+ Kh7 44. Rg2 Rxb3 45. Rc1 Kh8 46. Rh1+ Rh7 47. Rxh7+ Kxh7 48. f5 c5 49. Ke4 c4 50. f6 Rb1 51. Kd5 Rf1 52. Ke6 c3 53. Kf7 Kh6 54. e4 Rd1 55. Rc2 Re1 56. Rxc3 Rxe4 57. Rh3+ Kg5 58. Kg7 Re6 59. Rf3 b5 60. Rf1 b4 61. Rg1+ Kf4 62. f7 Re7 63. Kf6 1-0

[Event "EIWCC 2017"]
[Site "Riga"]
[Date "2017.04.22"]
[Round "11"]
[White "Cramling, Pia"]
[Black "Vega Gutierrez, Sabrina"]
[Result "1/2-1/2"]
[WhiteElo "2452"]
[BlackElo "2413"]
[Annotator "TA"]
[PlyCount "63"]
[EventDate "2017.??.??"]
[EventType "swiss"]
[EventCountry "LAT"]
[SourceTitle "playchess.com"]
[Source "ChessBase"]
[SourceQuality "1"]

1. d4 d5 2. Nf3 c6 3. c4 e6 4. Qc2 Nf6 5. Bg5 dxc4 6. Qxc4 Nbd7 7. g3 e5 8. dxe5 Nxe5 9. Nxe5 Qa5+ 10. Nc3 Qxe5 11. Bf4 Qc5 12. Qxc5 Bxc5 13. Bg2 O-O 14. O-O Be6 15. Rac1 Rad8 16. Na4 Bd6 17. Be3 Bd5 18. Bxa7 Ra8 19. Bc5 Bxc5 20. Nxc5 Bxg2 21. Kxg2 Rxa2 22. Rc2 b6 23. Nd3 c5 24. Rfc1 Re8 25. Kf3 Ne4 26. Nf4 Ng5+ 27. Kg2 Ne6 28. Nxe6 Rxe6 29. b4 Rxe2 30. Rxa2 Rxa2 31. bxc5 bxc5 32. Rxc5 1/2-1/2

[Event "EIWCC 2017"]
[Site "Riga"]
[Date "2017.04.22"]
[Round "11"]
[White "Goryachkina, Aleksandra"]
[Black "Paehtz, Elisabeth"]
[Result "1/2-1/2"]
[WhiteElo "2452"]
[BlackElo "2454"]
[Annotator "TA"]
[PlyCount "70"]
[EventDate "2017.??.??"]
[EventType "swiss"]
[EventCountry "LAT"]
[SourceTitle "playchess.com"]
[Source "ChessBase"]
[SourceQuality "1"]

1. d4 e6 2. c4 b6 3. e4 Bb7 4. Bd3 Bb4+ 5. Bd2 Bxd2+ 6. Nxd2 d6 7. Ngf3 Nd7 8. O-O e5 9. d5 a5 10. Bc2 Ne7 11. a3 O-O 12. b4 h6 13. Nb3 f5 14. exf5 Nxf5 15. bxa5 bxa5 16. Rb1 Bc8 17. a4 Nh4 18. Nxh4 Qxh4 19. Qd3 Nf6 20. Nd2 Ba6 21. f4 Rae8 22. g3 Qh5 23. Ne4 Ng4 24. h4 g6 25. Rbe1 Bc8 26. fxe5 Nxe5 27. Qc3 Kg7 28. c5 Rf3 29. Qb2 Ref8 30. Rxf3 Qxf3 31. cxd6 cxd6 32. Bd1 Qd3 33. Bc2 Qf3 34. Bd1 Qd3 35. Bc2 Qf3 1/2-1/2

[Event "EIWCC 2017"]
[Site "Riga"]
[Date "2017.04.22"]
[Round "11"]
[White "Zawadzka, Jolanta"]
[Black "Malakhova, Elizaveta"]
[Result "1/2-1/2"]
[WhiteElo "2449"]
[BlackElo "2324"]
[Annotator "TA"]
[PlyCount "77"]
[EventDate "2017.??.??"]
[EventType "swiss"]
[EventCountry "LAT"]
[SourceTitle "playchess.com"]
[Source "ChessBase"]
[SourceQuality "1"]

1. e4 e5 2. Nf3 Qe7 3. Nc3 Nf6 4. Bc4 h6 5. O-O c6 6. d4 d6 7. a4 Qc7 8. h3 g5 9. Qd3 g4 10. hxg4 Bxg4 11. Nh2 Bh5 12. f4 Nbd7 13. b4 a5 14. dxe5 dxe5 15. b5 Bd6 16. bxc6 bxc6 17. f5 Bc5+ 18. Kh1 Bd4 19. Ba3 Rg8 20. Rab1 Rd8 21. Bd5 Nc5 22. Bxc5 Bxc5 23. Qa6 cxd5 24. Qxf6 Be7 25. Qxh6 Qxc3 26. Qxh5 Qxc2 27. Qh3 d4 28. f6 Bb4 29. Nf3 Qc8 30. Qh2 Qg4 31. Nxe5 Qxe4 32. Nf3 d3 33. Rbd1 Qe2 34. Qh3 d2 35. Ng1 Qg4 36. Qe3+ Kf8 37. Qh6+ Ke8 38. Qe3+ Kf8 39. Qh6+ 1/2-1/2

[Event "EIWCC 2017"]
[Site "Riga"]
[Date "2017.04.22"]
[Round "11"]
[White "Khotenashvili, Bela"]
[Black "Golubenko, Valentina"]
[Result "1-0"]
[WhiteElo "2445"]
[BlackElo "2271"]
[Annotator "TA"]
[PlyCount "167"]
[EventDate "2017.??.??"]
[EventType "swiss"]
[EventCountry "LAT"]
[SourceTitle "playchess.com"]
[Source "ChessBase"]
[SourceQuality "1"]

1. Nf3 d5 2. d4 Nf6 3. c4 e6 4. g3 dxc4 5. Bg2 Bd7 6. Ne5 Bc6 7. Nxc6 Nxc6 8. e3 Qd7 9. O-O O-O-O 10. Nd2 e5 11. Nxc4 exd4 12. Qa4 Nd5 13. exd4 Kb8 14. Rd1 h5 15. Ne5 Nxe5 16. Qxd7 Nf3+ 17. Bxf3 Rxd7 18. Re1 Bb4 19. Re5 Nb6 20. Rxh5 Rxh5 21. Bxh5 g6 22. Bf3 Rxd4 23. Be3 Rd7 24. Rd1 Rxd1+ 25. Bxd1 Nd5 26. Bd4 c6 27. h4 Be7 28. Kg2 Kc7 29. Kh3 c5 30. Bg7 b5 31. g4 Nf4+ 32. Kg3 Bd6 33. Kf3 Ne6 34. Bf6 Bf4 35. h5 gxh5 36. gxh5 Bc1 37. Ke4 Kc6 38. Bg4 Kd6 39. Be5+ Ke7 40. Kd5 Nf4+ 41. Ke4 Ne6 42. b3 Bd2 43. Kd5 Nf4+ 44. Bxf4 Bxf4 45. Kxc5 a6 46. Bc8 Bd6+ 47. Kd5 Ba3 48. Bxa6 b4 49. Bd3 f6 50. Bg6 Kf8 51. h6 Kg8 52. Ke6 Bb2 53. f3 Bc3 54. Bb1 Be5 55. a4 bxa3 56. b4 Bd4 57. Kd5 Be3 58. h7+ Kh8 59. Kc4 a2 60. Bxa2 Kxh7 61. Kd5 Kg6 62. Kc6 Kf5 63. b5 Kf4 64. Bd5 Ke5 65. Bb3 Kf4 66. Bd1 Bd4 67. b6 Be5 68. b7 Ke3 69. Kd7 Kd2 70. Ba4 Kc3 71. Kc8 Kb4 72. Bc6 Kc5 73. Be4 Kd4 74. b8=Q Bxb8 75. Kxb8 Ke5 76. Kc7 Ke6 77. Bb7 Ke5 78. Kd7 Kf5 79. Kd6 Kg5 80. Ke6 Kg6 81. f4 Kg7 82. f5 Kh8 83. Kxf6 Kg8 84. Ke7 1-0

[Event "EIWCC 2017"]
[Site "Riga"]
[Date "2017.04.22"]
[Round "11"]
[White "Daulyte, Deimante"]
[Black "Kantane, Anna"]
[Result "1/2-1/2"]
[WhiteElo "2443"]
[BlackElo "2230"]
[Annotator "TA"]
[PlyCount "84"]
[EventDate "2017.??.??"]
[EventType "swiss"]
[EventCountry "LAT"]
[SourceTitle "playchess.com"]
[Source "ChessBase"]
[SourceQuality "1"]

1. d4 Nf6 2. Nc3 d5 3. Bf4 g6 4. e3 Bg7 5. h4 O-O 6. h5 c5 7. hxg6 fxg6 8. Qd2 Nc6 9. Nf3 Bf5 10. dxc5 Qa5 11. Nd4 Qxc5 12. Na4 Qb4 13. Nxc6 Qxd2+ 14. Kxd2 bxc6 15. f3 Nd7 16. Ba6 Nb6 17. Nxb6 axb6 18. Bb7 Ra5 19. b4 Ra3 20. Bxc6 Rc8 21. b5 Bc3+ 22. Ke2 Bxa1 23. Rxa1 Bxc2 24. Bxd5+ Kg7 25. Be5+ Kf8 26. Bd4 Bd3+ 27. Kf2 Bxb5 28. Rh1 Rc2+ 29. Kg3 h5 30. Bxb6 Ra6 31. Bd4 Bc4 32. Be4 Rcxa2 33. Rc1 Be6 34. f4 Bf5 35. Bd5 Rd2 36. Bf3 Rd6 37. Bc5 R6d3 38. Ra1 Rd7 39. Ra6 Kf7 40. Rb6 Rc2 41. Bd4 Rc4 42. Kh4 Rcxd4 1/2-1/2

[Event "EIWCC 2017"]
[Site "Riga"]
[Date "2017.04.22"]
[Round "11"]
[White "Danielian, Elina"]
[Black "Hoang, Thanh Trang"]
[Result "1/2-1/2"]
[WhiteElo "2437"]
[BlackElo "2459"]
[Annotator "TA"]
[PlyCount "75"]
[EventDate "2017.??.??"]
[EventType "swiss"]
[EventCountry "LAT"]
[SourceTitle "playchess.com"]
[Source "ChessBase"]
[SourceQuality "1"]

1. d4 e6 2. Nf3 f5 3. g3 Nf6 4. Bg2 d5 5. O-O Bd6 6. c4 c6 7. Nc3 O-O 8. Qc2 Ne4 9. a3 Nd7 10. b4 Ndf6 11. c5 Bc7 12. Bf4 Bxf4 13. gxf4 Nxc3 14. Qxc3 Ne4 15. Qe3 Bd7 16. Ne5 Be8 17. a4 a6 18. Rab1 Qh4 19. f3 Nf6 20. Nd3 Bd7 21. Qf2 Qh6 22. Qg3 g6 23. e3 Kh8 24. Kh1 Rg8 25. Ne5 Be8 26. Qg5 Qg7 27. Rg1 h6 28. Qh4 Nh5 29. Bf1 g5 30. Qh3 Qh7 31. fxg5 hxg5 32. Bd3 Rc8 33. b5 axb5 34. axb5 cxb5 35. Bxb5 Bxb5 36. Rxb5 Rc7 37. Rb6 Re7 38. Rd6 1/2-1/2

[Event "EIWCC 2017"]
[Site "Riga"]
[Date "2017.04.22"]
[Round "11"]
[White "Atalik, Ekaterina"]
[Black "Khomeriki, Nino"]
[Result "1-0"]
[WhiteElo "2429"]
[BlackElo "2308"]
[Annotator "TA"]
[PlyCount "91"]
[EventDate "2017.??.??"]
[EventType "swiss"]
[EventCountry "LAT"]
[SourceTitle "playchess.com"]
[Source "ChessBase"]
[SourceQuality "1"]

1. d4 Nf6 2. c4 e6 3. Nf3 c5 4. d5 d6 5. Nc3 exd5 6. cxd5 g6 7. Nd2 Bg7 8. e4 O-O 9. Be2 Re8 10. O-O Na6 11. f3 Nc7 12. a4 Nd7 13. Nc4 Ne5 14. Bf4 Nxc4 15. Bxc4 a6 16. a5 Rb8 17. Na4 Na8 18. Nxc5 Qf6 19. Qc1 Bf5 20. Nd3 Rbc8 21. Be3 Bd7 22. Ra2 Qd8 23. b3 Bb5 24. Rff2 Nc7 25. Rac2 Bd7 26. Bg5 f6 27. Be3 f5 28. e5 Rxe5 29. Nxe5 Bxe5 30. f4 Bf6 31. Bb6 Qf8 32. Rfe2 Ne8 33. Qe1 Qf7 34. Bf2 Kf8 35. Qb4 Rc7 36. Rc1 Qg7 37. Qb6 Bb5 38. Rce1 Bd7 39. Rxe8+ Bxe8 40. Qxd6+ Re7 41. Re6 Bd4 42. Rxe7 Bxf2+ 43. Kxf2 Qxe7 44. Qe5 Qc5+ 45. Kg3 Bf7 46. d6 1-0

[Event "EIWCC 2017"]
[Site "Riga"]
[Date "2017.04.22"]
[Round "11"]
[White "Kashlinskaya, Alina"]
[Black "Galliamova, Alisa"]
[Result "0-1"]
[WhiteElo "2426"]
[BlackElo "2444"]
[Annotator "TA"]
[PlyCount "76"]
[EventDate "2017.??.??"]
[EventType "swiss"]
[EventCountry "LAT"]
[SourceTitle "playchess.com"]
[Source "ChessBase"]
[SourceQuality "1"]

1. d4 Nf6 2. c4 e6 3. Nc3 Bb4 4. Qc2 c5 5. dxc5 O-O 6. a3 Bxc5 7. Nf3 b6 8. Bf4 Bb7 9. Rd1 Nh5 10. Bc1 f5 11. e3 Nc6 12. Be2 Nf6 13. O-O Rc8 14. b3 Qe7 15. b4 Bd6 16. Bb2 Bb8 17. e4 Ng4 18. h3 Nge5 19. exf5 Nxb4 20. axb4 Nxf3+ 21. Bxf3 Bxf3 22. Rd3 Rxf5 23. Re1 Qg5 24. Rxf3 Rxf3 25. Ne4 Qg6 26. Qd1 Rf7 27. c5 bxc5 28. Nxc5 Rcf8 29. Bd4 e5 30. Be3 Qc6 31. Qg4 d5 32. b5 Qc8 33. Qb4 d4 34. Bg5 Bd6 35. Rc1 Qf5 36. Qd2 e4 37. g4 Qe5 38. f4 exf3 0-1

[Event "EIWCC 2017"]
[Site "Riga"]
[Date "2017.04.22"]
[Round "11"]
[White "Szczepkowska, Karina"]
[Black "Girya, Olga"]
[Result "1/2-1/2"]
[WhiteElo "2414"]
[BlackElo "2470"]
[Annotator "TA"]
[PlyCount "68"]
[EventDate "2017.??.??"]
[EventType "swiss"]
[EventCountry "LAT"]
[SourceTitle "playchess.com"]
[Source "ChessBase"]
[SourceQuality "1"]

1. d4 d5 2. c4 c6 3. cxd5 cxd5 4. Bf4 Nc6 5. e3 Nf6 6. Nc3 Bf5 7. Qb3 Na5 8. Qa4+ Bd7 9. Qc2 e6 10. Bd3 Be7 11. Nf3 Nc6 12. a3 Nh5 13. Be5 f6 14. Bg3 f5 15. Be5 Nf6 16. h3 O-O 17. Bh2 Ne4 18. Bxe4 fxe4 19. Ne5 Nxe5 20. Bxe5 Rc8 21. Qe2 Rf5 22. O-O Qb6 23. Rac1 Rcf8 24. Qc2 Qa6 25. Bg3 Rc8 26. Qe2 Qxe2 27. Nxe2 Rff8 28. Rxc8 Rxc8 29. Rc1 Rxc1+ 30. Nxc1 Bb5 31. Bb8 a6 32. Nb3 Kf7 33. Bc7 Ke8 34. Nc5 Bxc5 1/2-1/2

[Event "EIWCC 2017"]
[Site "Riga"]
[Date "2017.04.22"]
[Round "11"]
[White "Pustovoitova, Daria"]
[Black "Bodnaruk, Anastasia"]
[Result "1/2-1/2"]
[WhiteElo "2411"]
[BlackElo "2446"]
[Annotator "TA"]
[PlyCount "126"]
[EventDate "2017.??.??"]
[EventType "swiss"]
[EventCountry "LAT"]
[SourceTitle "playchess.com"]
[Source "ChessBase"]
[SourceQuality "1"]

1. d4 Nf6 2. c4 e6 3. Nc3 Bb4 4. e3 O-O 5. Bd3 d5 6. cxd5 exd5 7. Nge2 Re8 8. O-O b6 9. Bd2 Bf8 10. Rc1 Bb7 11. Qc2 c5 12. dxc5 bxc5 13. Bb5 Nbd7 14. Rfd1 Qc7 15. Ng3 Rac8 16. Nce2 a6 17. Ba4 Bc6 18. Bxc6 Qxc6 19. Nd4 Qb7 20. Nf3 g6 21. Bc3 Bh6 22. Rb1 Re6 23. h3 Nb6 24. Ne2 Qe7 25. Bxf6 Rxf6 26. Nc3 Rd8 27. Rd3 Rfd6 28. Rbd1 Bg7 29. Ne2 Nc4 30. Nc3 d4 31. Nd5 Rxd5 32. Qxc4 Qe6 33. b3 h6 34. Re1 Qb6 35. e4 R5d7 36. Nd2 Re8 37. Rc1 Rc7 38. Qd5 Kh7 39. Rf3 Qa5 40. Rc2 Ree7 41. g3 Red7 42. Qc4 Qb6 43. Qd3 Re7 44. Rc4 Qe6 45. Kg2 h5 46. Ra4 Rc6 47. Qc4 Qxc4 48. bxc4 Bh6 49. Nb3 Kg8 50. Ra5 Rxe4 51. Rxc5 Rxc5 52. Nxc5 Re2 53. Ra3 Rc2 54. Ra4 Bf8 55. Nb3 d3 56. Kf3 Bh6 57. Rxa6 Rxc4 58. Rd6 Rc3 59. Ke4 Rc2 60. Rxd3 Rxa2 61. f4 Ra4+ 62. Nd4 Bg7 63. Ke3 Bxd4+ 1/2-1/2

[Event "EIWCC 2017"]
[Site "Riga"]
[Date "2017.04.22"]
[Round "11"]
[White "Nechaeva, Marina"]
[Black "Zhukova, Natalia"]
[Result "1/2-1/2"]
[WhiteElo "2395"]
[BlackElo "2438"]
[Annotator "TA"]
[PlyCount "31"]
[EventDate "2017.??.??"]
[EventType "swiss"]
[EventCountry "LAT"]
[SourceTitle "playchess.com"]
[Source "ChessBase"]
[SourceQuality "1"]

1. d4 Nf6 2. c4 e6 3. Nc3 Bb4 4. Qc2 b6 5. e4 c5 6. d5 Qe7 7. Be2 d6 8. Nf3 O-O 9. O-O Bxc3 10. bxc3 exd5 11. exd5 Bf5 12. Qb2 Nbd7 13. Re1 Ne5 14. Bg5 Rfe8 15. Qd2 h6 16. Nxe5 1/2-1/2

[Event "EIWCC 2017"]
[Site "Riga"]
[Date "2017.04.22"]
[Round "11"]
[White "Tsolakidou, Stavroula"]
[Black "Calzetta Ruiz, Monica"]
[Result "1/2-1/2"]
[WhiteElo "2395"]
[BlackElo "2257"]
[Annotator "TA"]
[PlyCount "163"]
[EventDate "2017.??.??"]
[EventType "swiss"]
[EventCountry "LAT"]
[SourceTitle "playchess.com"]
[Source "ChessBase"]
[SourceQuality "1"]

1. d4 Nf6 2. c4 c5 3. Nf3 cxd4 4. Nxd4 d6 5. Nc3 g6 6. e4 Nc6 7. f3 Bg7 8. Be3 O-O 9. Qd2 Bd7 10. Rc1 a5 11. Ndb5 Ne5 12. b3 Bc6 13. Be2 Ned7 14. O-O Nc5 15. e5 Ne8 16. Rfd1 Nd7 17. exd6 Nxd6 18. Nxd6 exd6 19. Qxd6 Re8 20. Qd2 Qe7 21. Bd4 Nf6 22. Qg5 h6 23. Qh4 Rad8 24. Bb6 Rxd1+ 25. Rxd1 g5 26. Qf2 Nh5 27. Bd4 Nf4 28. Bf1 Qe6 29. Bxg7 Kxg7 30. Rd2 Kg8 31. Qd4 Qf5 32. Ne2 Ne6 33. Qf2 Qb1 34. h4 a4 35. hxg5 hxg5 36. Nc3 Qc1 37. Nd5 Bxd5 38. Rxd5 axb3 39. axb3 Ra8 40. Qd2 Qb1 41. Qd1 Qb2 42. Rd2 Qc3 43. Rd3 Qf6 44. Qd2 Ra1 45. Qc3 Qxc3 46. Rxc3 Rb1 47. c5 Nd4 48. Rc4 Nf5 49. Kf2 Rxb3 50. Re4 Kf8 51. Be2 Rb2 52. g4 Ne7 53. Ke3 b6 54. cxb6 Rxb6 55. Bc4 Ng6 56. Rd4 Rc6 57. Ke4 Rf6 58. Rd5 Rf4+ 59. Kd3 Rxf3+ 60. Kd2 Rf4 61. Bd3 Rxg4 62. Bxg6 fxg6 63. Ke3 Kg7 64. Kf3 Rf4+ 65. Kg3 Rf5 66. Rd7+ Kh6 67. Ra7 Rb5 68. Rc7 Rb3+ 69. Kg4 Rb4+ 70. Kg3 Rb1 71. Ra7 Rg1+ 72. Kh2 Rg4 73. Kh3 Rb4 74. Kg3 g4 75. Ra5 g5 76. Ra8 Rf4 77. Rb8 Kh5 78. Rh8+ Kg6 79. Rg8+ Kf5 80. Rf8+ Ke4 81. Re8+ Kf5 82. Rf8+ 1/2-1/2

[Event "EIWCC 2017"]
[Site "Riga"]
[Date "2017.04.22"]
[Round "11"]
[White "Zimina, Olga"]
[Black "Osmak, Iulija"]
[Result "0-1"]
[WhiteElo "2395"]
[BlackElo "2348"]
[Annotator "TA"]
[PlyCount "188"]
[EventDate "2017.??.??"]
[EventType "swiss"]
[EventCountry "LAT"]
[SourceTitle "playchess.com"]
[Source "ChessBase"]
[SourceQuality "1"]

1. Nf3 d5 2. c4 c6 3. g3 Bg4 4. Bg2 e6 5. h3 Bxf3 6. Bxf3 Nd7 7. d4 Ngf6 8. O-O Be7 9. Qb3 Qb6 10. Rd1 O-O 11. Nc3 Qa6 12. cxd5 exd5 13. Bf4 Rfe8 14. Qc2 Nf8 15. a4 Qa5 16. Rab1 Ne6 17. Be3 Nd7 18. Bg2 g6 19. h4 f5 20. Qd2 Bb4 21. Qc2 Nf6 22. Rd3 Qb6 23. Qb3 Bd6 24. Qxb6 axb6 25. b3 Rf8 26. Bh3 Rae8 27. Kg2 Ne4 28. Bh6 Rf7 29. e3 Nc7 30. Ne2 Bf8 31. Bf4 Bd6 32. f3 Bxf4 33. Nxf4 Nd6 34. Kf2 Ra8 35. g4 b5 36. gxf5 Nxf5 37. h5 g5 38. Rg1 h6 39. Ng6 Ng7 40. Ne5 Rf6 41. Bg4 bxa4 42. Nd7 Rf7 43. Nb6 Ra6 44. Nxa4 Nce8 45. Rd2 Nf6 46. Kg2 Ra8 47. Nc5 Re8 48. Rd3 Rfe7 49. Kf2 Rf8 50. Kg2 Ra8 51. Na4 Rae8 52. Kf2 Rf8 53. Kg2 Nge8 54. Nc5 Nxg4 55. fxg4 Nf6 56. Kg3 b6 57. Na4 Ne4+ 58. Kh2 Nf2 59. Rc3 b5 60. Nc5 b4 61. Rc2 Rxe3 62. Nd7 Rf4 63. Ne5 Rxb3 64. Rxc6 Rb2 65. Rc8+ Rf8 66. Rxf8+ Kxf8 67. Kg3 Ne4+ 68. Kf3 b3 69. Ke3 Rc2 70. Rb1 b2 71. Nd3 Nc3 72. Rf1+ Ke7 73. Nxb2 Rxb2 74. Rc1 Rb3 75. Ra1 Nb5+ 76. Kd2 Nxd4 77. Ra7+ Kf6 78. Rh7 Ke5 79. Rxh6 Rg3 80. Rh8 Rxg4 81. h6 Rh4 82. h7 Ne6 83. Kd3 Rh3+ 84. Kd2 Kf6 85. Ke1 d4 86. Kf2 Rh6 87. Kg3 Kg7 88. Re8 Kxh7 89. Re7+ Kg8 90. Kg4 Rf6 91. Kh5 Kf8 92. Ra7 Rf7 93. Ra6 Ke7 94. Rb6 d3 0-1